000 01235nam a22003377a 4500
001 225
003 FISKH
005 20230307120917.0
008 230307b cb ||||| |||| 00| 0 eng d
020 _a9780547076775
040 _aDLC
_cDLC
_dDLC
_dFISKH
_beng
042 _alcac
050 0 0 _aPZ7.O3317
_bBak 2005
082 0 0 _a133.1
_222
100 1 _aOgburn, Jacqueline K.
245 1 4 _aThe bake shop ghost /
_cby Jacqueline K. Ogburn ; illustrated by Marjorie Priceman.
260 _aNew York
_bHoughton Mifflin,
_c2005.
300 _aleaves of plates
_bcol. ill. ;
_c28 cm.
520 _aMiss Cora Lee Merriweather haunts her bake shop after her death, until the new shop owner makes a deal with her.
521 8 _a880
_bLexile
521 8 _aQ
_bRaz-Plus
521 8 _aNP
650 1 _aGhosts
_vFiction.
650 1 _aCake
_vFiction.
650 1 _aBakers and bakeries
_vFiction.
700 1 _aPriceman, Marjorie,
_eill.
856 4 2 _3Publisher description
_uhttp://www.loc.gov/catdir/enhancements/fy0616/2004013186-d.html
856 4 2 _3Contributor biographical information
_uhttp://www.loc.gov/catdir/enhancements/fy0736/2004013186-b.html
906 _a7
_bcbc
_corignew
_d1
_eecip
_f20
_gy-gencatlg
942 _2ddc
_cBK
_n0
999 _c225
_d225